| 000 | 00724nam a22002051i 4500 | ||
|---|---|---|---|
| 001 | 191699 | ||
| 003 | SpMaBN | ||
| 005 | 20251120063154.0 | ||
| 008 | 221007s1952 sp 000 0 spa | ||
| 016 | 7 |
_abimoBNE19971033489 _zIND9100108680 [ _2SpMaBN] |
|
| 040 |
_aSpMaBN _bspa _cA2 |
||
| 080 | _a9(46)"1833/40" | ||
| 100 | 1 |
_aBurgo, Jaime del, _d1912-2005 _932641 |
|
| 245 | 1 | 0 |
_aDe la España Romantica _bEcos de la Guerra de Carlos V / _cJaime del Burgo. |
| 260 |
_aPamplona : _bEdic. Siempre : _b[Edit. Gómez, _c1952] |
||
| 300 |
_a76 pág. + 2 hoj. ; _c17 cm. |
||
| 852 | 4 |
_aES-MaACL _jD-7497 _zRevisado y localizado enero 2024 _zFalta: recuento 1986, agosto 2022 |
|
| 942 | _2udc | ||
| 999 |
_c191699 _d191699 |
||